[Event "AUTO-ADV-2651"]
[Site "http://www.queenalice.com/game.php?id=1113116"]
[Date "2012.10.16"]
[Round "1"]
[White "TomBishop"]
[Black "vindaloo"]
[Result "0-1"]
[WhiteElo "1649"]
[BlackElo "1743"]

1. e4 c5 2. Nf3 Nc6 3. Nc3 d6 4. Bb5 Bd7 5. d3 Nf6 6. Bg5 e6 7. O-O Be7 8. Re1
O-O 9. Be3 a6 10. Ba4 b5 11. Bb3 Na5 12. e5 dxe5 13. Nxe5 Nxb3 14. Nxd7 Nxa1 15.
Nxf8 Kxf8 16. Qxa1 Qc7 17. d4 Ng4 18. g3 Nxe3 19. Rxe3 cxd4 20. Nxb5 axb5 21.
Re4 Qxc2 22. Rxd4 Bc5 23. Rf4 Rd8 0-1

[Event "AUTO-INT-2462"]
[Site "http://www.queenalice.com/game.php?id=1113143"]
[Date "2012.10.16"]
[Round "1"]
[White "rodrigohuii"]
[Black "TomBishop"]
[Result "1-0"]
[WhiteElo "1646"]
[BlackElo "1609"]

1. e4 e5 2. Nf3 Nc6 3. d4 d6 4. Bb5 Bd7 5. d5 Nd4 6. Bxd7+ Qxd7 7. Nxd4 exd4 8.
O-O c5 9. c4 Nf6 10. Nd2 Be7 11. Re1 Qg4 12. f3 Qg6 13. e5 Nh5 14. g4 Bh4 15.
Re4 f5 16. exf6+ Kd7 17. Re7+ Kd8 18. Ne4 Nxf6 19. Re6 Re8 20. Rxd6+ Kc7 21. Bf4
Kc8 22. Nxc5 Re1+ 23. Qxe1 Bxe1 24. Rxe1 Qf7 25. Ne4 Nxe4 26. Rxe4 a5 27. Rde6
Ra6 28. Re8+ 1-0

[Event "AUTO-INT-2462"]
[Site "http://www.queenalice.com/game.php?id=1113144"]
[Date "2012.10.16"]
[Round "1"]
[White "TomBishop"]
[Black "rodrigohuii"]
[Result "0-1"]
[WhiteElo "1648"]
[BlackElo "1629"]

1. e4 e5 2. Nf3 d6 3. Nc3 Bg4 4. h3 Bh5 5. g4 Bg6 6. d4 Nf6 7. dxe5 Nxe4 8. Nxe4
Bxe4 9. Qe2 d5 10. Bg2 Nc6 11. c4 Bb4+ 12. Bd2 Bxf3 13. Bxf3 Nd4 14. Qd3 Bxd2+
15. Kxd2 Qg5+ 16. Kc3 Nxf3 17. Qxf3 Qxe5+ 18. Kb3 dxc4+ 19. Kc2 O-O-O 20. Rhe1
Qd5 21. Qc3 Qd3+ 22. Qxd3 Rxd3 23. Re7 Rf8 24. Rh1 g6 25. Rhe1 Rxh3 26. Re8+
Rxe8 27. Rxe8+ Kd7 28. Re3 Rh2 29. Rf3 Ke6 30. Kc3 f5 31. gxf5+ gxf5 32. Kxc4
Rh4+ 0-1

[Event "AUTO-INT-2462"]
[Site "http://www.queenalice.com/game.php?id=1113151"]
[Date "2012.10.16"]
[Round "1"]
[White "leospirandio"]
[Black "TomBishop"]
[Result "1-0"]
[WhiteElo "1299"]
[BlackElo "1652"]

1. e3 e5 2. b3 d5 3. Bb2 e4 4. g3 Nf6 5. f3 Nc6 6. fxe4 dxe4 7. h3 Bb4 8. a3 Bd6
9. Bg2 Bxg3+ 10. Kf1 Qd7 11. Bxf6 Qf5+ 12. Ke2 Qh5+ 13. Nf3 exf3+ 14. Bxf3 Qb5+
15. c4 Qf5 16. Bxg7 Rg8 17. Bc3 Be5 18. d4 Bf6 19. Nd2 Bd7 20. Be4 Qh5+ 21. Bf3
Qh6 22. Ne4 Bg5 23. Nxg5 Rxg5 24. d5 Ne5 25. Bxe5 Rxe5 26. Qd4 f6 27. Rag1 O-O-O
28. Qxa7 Bxh3 29. Rg3 b6 30. e4 Bf1+ 31. Rxf1 Qh2+ 32. Rg2 Qh6 33. Bg4+ f5 34.
Bxf5+ Rxf5 35. Rxf5 Qh3 36. Rg7 Qh2+ 37. Rf2 Qh5+ 38. Rf3 Rd7 39. Qa8# 1-0

[Event "AUTO-INT-2462"]
[Site "http://www.queenalice.com/game.php?id=1113152"]
[Date "2012.10.16"]
[Round "1"]
[White "TomBishop"]
[Black "leospirandio"]
[Result "1-0"]
[WhiteElo "1650"]
[BlackElo "1303"]

1. e4 b6 2. d4 Bb7 3. d5 g6 4. Nc3 c6 5. Nf3 cxd5 6. exd5 Bg7 7. Be2 Nf6 8. h3
e6 9. dxe6 fxe6 10. Qd3 O-O 11. Bg5 h6 12. Bxf6 Rxf6 13. Ne4 Bxe4 14. Qxe4 d5
15. Qd3 Nc6 16. a3 Rf5 17. O-O-O Rb8 18. g4 Rf6 19. g5 hxg5 20. Nxg5 Rxf2 21.
Qxg6 Kf8 22. Nxe6+ Kg8 23. Nxd8 Rxd8 24. Qxc6 Rxe2 25. Rxd5 Rde8 26. Qc4 Bh6+
27. Kb1 Kh8 28. Qd4+ Bg7 29. Qh4+ Kg8 30. Rd8 Rxd8 31. Qxd8+ Kh7 32. Qb8 Re7 33.
Rg1 Re3 34. Qxa7 Rxh3 35. Qxg7# 1-0

[Event "AUTO-OPEN-2820"]
[Site "http://www.queenalice.com/game.php?id=1113358"]
[Date "2012.10.17"]
[Round "1"]
[White "TomBishop"]
[Black "WeirdGoblin"]
[Result "0-1"]
[WhiteElo "1658"]
[BlackElo "2188"]

1. e4 Nf6 2. Nc3 d5 3. f3 e5 4. exd5 Nxd5 5. Nxd5 Qxd5 6. Ne2 Bc5 7. Nc3 Qd8 8.
d3 O-O 9. Qe2 Nc6 10. Bd2 Nd4 11. Qd1 f5 12. Na4 Bd6 13. g3 e4 14. fxe4 fxe4 15.
dxe4 Nf3+ 0-1

[Event "AUTO-OPEN-2820"]
[Site "http://www.queenalice.com/game.php?id=1113381"]
[Date "2012.10.17"]
[Round "1"]
[White "thigo"]
[Black "TomBishop"]
[Result "0-1"]
[WhiteElo "1596"]
[BlackElo "1662"]

1. g3 d5 2. b3 e5 3. Bb2 Nc6 4. Bg2 Nf6 5. Nf3 e4 6. Nd4 Nxd4 7. e3 Bg4 8. Qc1
Ne2 9. Qd1 Nxg3 10. hxg3 Bxd1 11. Kxd1 Ng4 12. Bh3 Nxf2+ 13. Ke2 Nxh1 14. Nc3
Nxg3+ 15. Kf2 Nh5 16. Rf1 Qh4+ 17. Ke2 Qxh3 18. Nxd5 Ng3+ 19. Kf2 Qxf1+ 20. Kxg3
Bd6+ 21. Kh4 Qg2 22. b4 g5+ 23. Kh5 Qh3+ 24. Kxg5 Rg8+ 25. Kf6 Qe6# 0-1

[Event "AUTO-OPEN-2820"]
[Site "http://www.queenalice.com/game.php?id=1113382"]
[Date "2012.10.17"]
[Round "1"]
[White "TomBishop"]
[Black "thigo"]
[Result "0-1"]
[WhiteElo "1659"]
[BlackElo "1542"]

1. e4 b6 2. d4 g6 3. Nf3 Bg7 4. Nc3 Bb7 5. Bb5 a6 6. Bc4 b5 7. Bb3 a5 8. Nxb5 c6
9. Nc3 d6 10. Ng5 Ba6 11. Nxf7 Qd7 12. Nxh8 Bxh8 13. Bxg8 e6 14. Bxe6 Qxe6 15.
a3 Nd7 16. h3 Nf6 17. f3 d5 18. e5 Nd7 19. b4 Nb6 20. b5 cxb5 21. a4 b4 22. Nb5
Bxb5 23. axb5 Nc4 24. c3 bxc3 25. Qb3 Qb6 26. Rb1 Qxd4 27. b6 Bxe5 28. b7 Rb8
29. Qb5+ Kf7 30. Qd7+ Kg8 31. Qc8+ Rxc8 32. bxc8=Q+ Kg7 33. Bh6+ Kxh6 34. Qf8+
Bg7 35. Qe7 Qd2+ 36. Kf1 Ne3+ 0-1

[Event "AUTO-OPEN-2820"]
[Site "http://www.queenalice.com/game.php?id=1113395"]
[Date "2012.10.17"]
[Round "1"]
[White "pe4"]
[Black "TomBishop"]
[Result "1-0"]
[WhiteElo "1855"]
[BlackElo "1681"]

1. e4 e5 2. Nf3 Nc6 3. Bc4 Nf6 4. Nc3 Bc5 5. d3 Ng4 6. O-O Bxf2+ 7. Rxf2 Nxf2 8.
Kxf2 Nd4 9. Nxe5 Qf6+ 10. Nf3 Nxf3 11. Qxf3 Qxf3+ 12. Kxf3 O-O 13. Be3 c6 14.
Rf1 b5 15. Bb3 b4 16. Na4 d6 17. c3 bxc3 18. Nxc3 Re8 19. Ke2 Be6 20. Ba4 Rec8
21. a3 a5 22. Bf4 d5 23. Bd6 Bg4+ 24. Kd2 d4 25. Ne2 Bxe2 26. Kxe2 Rd8 27. e5
Rdc8 28. Bb3 Ra7 29. e6 fxe6 30. Bxe6+ Kh8 31. Bxc8 1-0

[Event "AUTO-INT-2463"]
[Site "http://www.queenalice.com/game.php?id=1113475"]
[Date "2012.10.17"]
[Round "1"]
[White "TomBishop"]
[Black "louni"]
[Result "0-1"]
[WhiteElo "1663"]
[BlackElo "1707"]

1. e4 e5 2. Nf3 Nf6 3. Nxe5 d6 4. Nf3 Nxe4 5. d4 d5 6. Bd3 Be7 7. c4 Be6 8. Bxe4
dxe4 9. Ne5 f6 10. Ng4 Bxc4 11. Qa4+ b5 12. Qd1 O-O 13. Nc3 Nc6 14. Be3 f5 15.
Ne5 Nb4 16. b3 Nd3+ 17. Nxd3 Bxd3 18. f3 Bb4 19. Kf2 Bxc3 20. Rc1 Bxd4 21. Bxd4
Qxd4+ 22. Ke1 Qe3+ 0-1

[Event "AUTO-INT-2463"]
[Site "http://www.queenalice.com/game.php?id=1113476"]
[Date "2012.10.17"]
[Round "1"]
[White "louni"]
[Black "TomBishop"]
[Result "1-0"]
[WhiteElo "1759"]
[BlackElo "1565"]

1. d4 d5 2. Nf3 Nf6 3. Bg5 Nc6 4. Nc3 h6 5. Bxf6 gxf6 6. e3 e5 7. Bb5 e4 8. Nd2
Rg8 9. g3 Bg4 10. f3 Be6 11. f4 Bb4 12. Qh5 Rh8 13. f5 Bd7 14. a3 Bxc3 15. bxc3
a6 16. Be2 Ne7 17. g4 Bb5 18. c4 Bxc4 19. Nxc4 dxc4 20. Bxc4 Rh7 21. O-O Qd7 22.
Qh4 Qd6 23. c3 b5 24. Ba2 c5 25. Rf4 cxd4 26. cxd4 1-0

[Event "AUTO-INT-2463"]
[Site "http://www.queenalice.com/game.php?id=1113477"]
[Date "2012.10.17"]
[Round "1"]
[White "TomBishop"]
[Black "josedesouza"]
[Result "0-1"]
[WhiteElo "1672"]
[BlackElo "1460"]

1. e4 e5 2. Nf3 Nc6 3. Bb5 a6 4. Bxc6 dxc6 5. Nc3 f6 6. O-O Bg4 7. d3 Bc5 8. h3
Be6 9. Na4 Bd6 10. Be3 b5 11. Nc5 Bf7 12. Nb7 Qd7 13. Nxd6+ Qxd6 14. d4 exd4 15.
Bxd4 Ne7 16. e5 Qe6 17. exf6 gxf6 18. Re1 Qd6 19. Bc3 Bd5 20. a3 O-O-O 0-1

[Event "AUTO-INT-2463"]
[Site "http://www.queenalice.com/game.php?id=1113478"]
[Date "2012.10.17"]
[Round "1"]
[White "josedesouza"]
[Black "TomBishop"]
[Result "1-0"]
[WhiteElo "1482"]
[BlackElo "1631"]

1. d4 d5 2. Nf3 Nf6 3. Nc3 Nc6 4. e3 Bg4 5. h3 Bd7 6. Bd3 h6 7. O-O e6 8. a3 Bd6
9. Re1 O-O 10. e4 dxe4 11. Bxe4 Nxe4 12. Nxe4 e5 13. c3 exd4 14. cxd4 Bf5 15.
Nc3 Re8 16. Be3 a6 17. b4 Be7 18. Qe2 1-0